| 000 | 00774nam a2200229Ii 4500 | ||
|---|---|---|---|
| 003 | JO-AjNU | ||
| 008 | 230605s9999||||xx |||||||||||||| ||und|| | ||
| 017 | _a2007/4/1011 | ||
| 020 | _a978-9957-00-310-4 | ||
| 040 |
_aJO-AjNU _bara _erda _cJO-AjNU |
||
| 041 | _aara | ||
| 050 | 1 | 4 | _aPJ6074.A53 2007 |
| 100 | 3 |
_aتاليف العناتي،وليد؛م.مشارك برهومة،عيسى, _eauthor _923466 |
|
| 245 | 0 | 0 | _aاللغة العربية وأسئلة العصر |
| 250 | _aط1 | ||
| 264 | 3 | 1 | _aعمان: دار الشروق،2007 |
| 300 | _a288ص | ||
| 336 |
_atext _btxt _2rdacontent |
||
| 337 |
_aunmediated _bn _2rdamedia |
||
| 338 |
_avolume _bnc _2rdacarrier |
||
| 650 | 4 |
_aاللغة العربية-اللغة العربية وأسئلة العصر _923467 |
|
| 999 |
_aA8493 _c12061 _d12061 |
||